Luis Maria Murillo Quinche : (Registro nro. 366)
[ vista simple ]
| 000 -CABECERA | |
|---|---|
| Campo de control | 01547cam a2200385 a 4500 |
| 005 - FECHA Y HORA DE LA ULTIMA TRANSACCION | |
| Campo de control | 20191224041525.0 |
| 008 - ELEMENTOS DE LONGITUD FIJA—INFORMACION GENERAL | |
| Campo de control | 970922t1997 ck ab grb 000 0 spa d |
| 020 ## - ISBN | |
| ISBN | 9589205003 |
| 040 ## - FUENTE DE CATALOGACIÓN | |
| Agencia catalogadora original | CAW |
| Agencia transcriptora | CAW |
| Agencia Modificadora | DLC |
| 041 ## - IDIOMA | |
| Código de idioma para texto/pista de sonido o título separado | Español |
| 042 ## - AUTHENTICATION CODE | |
| Authentication code | lccopycat |
| 043 ## - GEOGRAPHIC AREA CODE | |
| Geographic area code | s-ck--- |
| 044 ## - PAÍS DE PUBLICACIÓN | |
| País de publicación | Colombia |
| 082 00 - NUMERO DE CLASIFICACION DECIMAL DEWEY | |
| Número de clasificación | 595.709861 |
| Número del ítem | M97l |
| 100 1# - ASIENTO PRINCIPAL--NOMBRE PERSONAL | |
| Nombre personal | Murillo Quinche, Luis Maria, |
| Fechas asociadas con el nombre | 1897-1974. |
| 9 (RLIN) | 48729 |
| 240 10 - TITULO UNIFORME | |
| Form subheading | Selections. |
| Date of a work | 1997 |
| 245 10 - MENCION DE TITULO | |
| Título | Luis Maria Murillo Quinche : |
| Parte restante del título | obra selecta / |
| Mención de responsabilidad | editores, Santiago Diaz-Piedrahita, Maria Teresa Murillo Pulido. |
| 246 30 - FORMA VARIANTE DEL TITULO | |
| Título propiamente dicho/forma breve del título | Obra selecta |
| 260 ## - PUBLICACION, DISTRIBUCION, ETC. (PIE DE IMPRENTA) | |
| Lugar de publicación, distribución, etc. | Santafe de Bogota, D.C., Colombia : |
| Nombre del editor, distribuidor, etc. | Academia Colombiana de Ciencias Exactas, Fisicas y Naturales, |
| Fecha de publicación, distribución, etc. | 1997. |
| 300 ## - DESCRIPCION FISICA | |
| Extensión | x, 186 paginas. : |
| Otros detalles físicos | ilustraciones, mapas; |
| Dimensiones | 24 x 16 cm. |
| 504 ## - NOTA DE BIBLIOGRAFIA, ETC. | |
| Nota de bibliografía | Includes bibliographical references. |
| 650 #0 - ASIENTO SECUNDARIO DE MATERIA - TERMINO TEMATICO | |
| Término temático o nombre geográfico como elemento de entrada | Entomology |
| Subdivisión geográfica | Colombia. |
| 9 (RLIN) | 48730 |
| 650 #0 - ASIENTO SECUNDARIO DE MATERIA - TERMINO TEMATICO | |
| Término temático o nombre geográfico como elemento de entrada | Natural history |
| Subdivisión geográfica | Colombia. |
| 9 (RLIN) | 48731 |
| 650 #0 - ASIENTO SECUNDARIO DE MATERIA - TERMINO TEMATICO | |
| Término temático o nombre geográfico como elemento de entrada | Plant diseases |
| Subdivisión geográfica | Colombia. |
| 9 (RLIN) | 48732 |
| 650 #0 - ASIENTO SECUNDARIO DE MATERIA - TERMINO TEMATICO | |
| Término temático o nombre geográfico como elemento de entrada | Insect pests |
| Subdivisión general | Biological control |
| Subdivisión geográfica | Colombia. |
| 9 (RLIN) | 48733 |
| 650 #6 - ASIENTO SECUNDARIO DE MATERIA - TERMINO TEMATICO | |
| Término temático o nombre geográfico como elemento de entrada | Entomología |
| Subdivisión geográfica | Colombia |
| 9 (RLIN) | 48734 |
| 650 #6 - ASIENTO SECUNDARIO DE MATERIA - TERMINO TEMATICO | |
| Término temático o nombre geográfico como elemento de entrada | Historia Natural |
| Subdivisión geográfica | Colombia |
| 9 (RLIN) | 48735 |
| 650 #6 - ASIENTO SECUNDARIO DE MATERIA - TERMINO TEMATICO | |
| Término temático o nombre geográfico como elemento de entrada | Enfermedades de las plantas |
| 9 (RLIN) | 48001 |
| 700 1# - ASIENTO SECUNDARIO - NOMBRE PERSONAL | |
| Nombre personal | Diaz Piedrahita, Santiago. |
| 9 (RLIN) | 48736 |
| 700 1# - ASIENTO SECUNDARIO - NOMBRE PERSONAL | |
| Nombre personal | Murillo P., Maria Teresa |
| Forma más completa del nombre | (Murillo Pulido) |
| 9 (RLIN) | 48737 |
| 710 2# - ASIENTO SECUNDARIO - NOMBRE CORPORATIVO | |
| Nombre corporativo o de jurisdicción como elemento de entrada | Academia Colombiana de Ciencias Exactas, Fisicas y Naturales. |
| 9 (RLIN) | 19362 |
| 906 ## - LOCAL DATA ELEMENT F, LDF (RLIN) | |
| a | 7 |
| b | cbc |
| c | copycat |
| d | 2 |
| e | ncip |
| f | 19 |
| g | y-gencatlg |
| 942 ## - ELEMENTOS ADICIONALES (KOHA) | |
| Sistema de clasificación | Dewey Decimal Classification |
| Tipo de ítem | Libro |
| Withdrawn status | Lost status | Sistema de Clasificación | Damaged status | No para préstamo | Colección | Inventariado | Ubicación Permanente | Ubicación actual | Fecha de adquisición | Fuente de Valor | Valor | Total Checkouts | Número topográfico | Inventario / Código de Barras | Date last seen | Ejemplar | Price effective from | Forma de adquisición | Tipo de material |
|---|---|---|---|---|---|---|---|---|---|---|---|---|---|---|---|---|---|---|---|
| Dewey Decimal Classification | General | Inventariado 2017 | Bogotá | Bogotá | 01/02/1998 | Instituto | 39000.00 | LB-595.709861 M97l | 000509 | 04/12/2012 | Ej. 1 | 04/12/2012 | Libro |